Hỏi đáp và hướng dẫn thực hành 4 chuẩn mực kế toán Việt Nam ( Theo Thông tư 89/2002/TT-BTC ngày 9-10-2002 của Bộ Tài chính )
Spremljeno u:
| Glavni autor: | |
|---|---|
| Format: | Knjiga |
| Jezik: | Undetermined |
| Izdano: |
H.
Thống Kê
2003
|
| Teme: | |
| Oznake: |
Dodaj oznaku
Bez oznaka, Budi prvi tko označuje ovaj zapis!
|
| Thư viện lưu trữ: | Trung tâm Học liệu Trường Đại học Cần Thơ |
|---|
| LEADER | 00612nam a2200181Ia 4500 | ||
|---|---|---|---|
| 001 | CTU_56947 | ||
| 008 | 210402s9999 xx 000 0 und d | ||
| 020 | |b 79000 | ||
| 082 | |a 657 | ||
| 082 | |b Ch300 | ||
| 100 | |a Ngô Thế Chi | ||
| 245 | 0 | |a Hỏi đáp và hướng dẫn thực hành 4 chuẩn mực kế toán Việt Nam ( Theo Thông tư 89/2002/TT-BTC ngày 9-10-2002 của Bộ Tài chính ) | |
| 245 | 0 | |c Ngô Thế Chi | |
| 260 | |a H. | ||
| 260 | |b Thống Kê | ||
| 260 | |c 2003 | ||
| 650 | |a accounting | ||
| 980 | |a Trung tâm Học liệu Trường Đại học Cần Thơ | ||